[Event "Midland Ch Forrest Cup"]
[Site "Derby"]
[Date "1991.03.23"]
[Round "2"]
[White "Rose, Kenneth T"]
[Black "Buckley, Graeme N"]
[Result "1-0"]
[WhiteElo "2040"]
[BlackElo "2224"]
[PlyCount "83"]
[EventDate "1991.03.22"]
[EventType "swiss"]
[EventRounds "6"]
[EventCountry "ENG"]
[SourceTitle "BritBase"]
[Source "John Saunders"]
[SourceDate "2022.11.28"]
[SourceVersion "1"]
[SourceVersionDate "2022.08.23"]
[SourceQuality "1"]

1. e4 c5 2. c3 d6 3. d4 Nf6 4. Bd3 g6 5. Nf3 Bg7 6. O-O O-O 7. h3 Na6 8. Na3
cxd4 9. cxd4 Nb4 10. Bb1 d5 11. e5 Ne4 12. Nc2 Nxc2 13. Bxc2 Bf5 14. Bb3 Rc8
15. Be3 Qd7 16. Qe2 a5 17. a4 Rc6 18. Qb5 Be6 19. Qxa5 g5 20. Nxg5 Nxg5 21.
Bxg5 Bxh3 22. Qxd5 Qf5 23. e6 fxe6 24. Qxf5 Bxf5 25. Bxe7 Rf7 26. d5 Rb6 27. d6
Rxe7 28. dxe7 Kf7 29. Bc4 Rb4 30. Bb5 Kxe7 31. Rac1 Be5 32. Rfd1 Rxb2 33. Rd7+
Kf6 34. g3 Be4 35. Kf1 h6 36. Ke1 Bf3 37. Rd2 Rb4 38. Rd3 Re4+ 39. Re3 Rxe3+
40. fxe3 Bxg3+ 41. Kd2 h5 $4 42. Rf1 1-0

[Event "Midland Ch Forrest Cup"]
[Site "Derby"]
[Date "1991.03.23"]
[Round "2"]
[White "Timmins, Chris P"]
[Black "Ledger, Dave J"]
[Result "0-1"]
[WhiteElo "2024"]
[BlackElo "2160"]
[PlyCount "80"]
[EventDate "1991.03.22"]
[EventType "swiss"]
[EventRounds "6"]
[EventCountry "ENG"]
[SourceTitle "BritBase"]
[Source "John Saunders"]
[SourceDate "2022.11.28"]
[SourceVersion "1"]
[SourceVersionDate "2022.08.23"]
[SourceQuality "1"]

1. d4 Nf6 2. c4 g6 3. Nc3 Bg7 4. e4 d6 5. Nge2 O-O 6. Ng3 e5 7. d5 a5 8. h4 h5
9. Bg5 Na6 10. Be2 Bd7 11. Qd2 Nc5 12. f3 Qe8 13. O-O-O Nh7 14. Bh6 Na4 15.
Nxa4 Bxa4 16. Rdg1 Bd7 17. Nf1 b5 18. g4 hxg4 19. fxg4 bxc4 20. Ng3 f6 21. Be3
Rf7 22. h5 g5 23. h6 Bf8 24. Nf5 Bb5 25. Qc3 c6 26. Rd1 cxd5 27. exd5 a4 28. a3
Qc8 29. Bf3 Rb7 30. Be4 Be8 31. Ng7 Bxg7 32. hxg7 Rxg7 33. Bxh7+ Rxh7 34. Rxh7
Kxh7 35. Qd2 Bg6 36. Bxg5 c3 37. Qh2+ Kg8 38. Bxf6 cxb2+ 39. Kxb2 Rb8+ 40. Ka2
Qc4+ 0-1

[Event "Midland Ch Forrest Cup"]
[Site "Derby"]
[Date "1991.03.23"]
[Round "2"]
[White "Vere, Joe W"]
[Black "Smith, Graham M"]
[Result "1-0"]
[WhiteElo "1840"]
[BlackElo "2040"]
[PlyCount "101"]
[EventDate "1991.03.22"]
[EventType "swiss"]
[EventRounds "6"]
[EventCountry "ENG"]
[SourceTitle "BritBase"]
[Source "John Saunders"]
[SourceDate "2022.11.28"]
[SourceVersion "1"]
[SourceVersionDate "2022.08.23"]
[SourceQuality "1"]

1. d4 Nf6 2. e3 g6 3. Nf3 Bg7 4. Be2 O-O 5. O-O d6 6. c4 Nbd7 7. Nc3 e5 8. b4
Re8 9. Bb2 e4 10. Nd2 Nf8 11. Qc2 Bf5 12. Rac1 h5 13. d5 Qe7 14. Nb3 N8d7 15.
Nb5 Rec8 16. Na5 c6 17. dxc6 bxc6 18. Nd4 Ne5 19. Nxf5 gxf5 20. c5 d5 21. Nb3
Nfg4 22. h3 Nh6 23. a4 Qg5 24. Nd4 Kh8 25. Qd2 Ng6 26. b5 f4 27. Kh1 Kh7 28.
exf4 Nxf4 29. g3 Be5 30. Nxc6 Rxc6 31. Bxe5 Qxe5 32. Qxf4 Qxf4 33. gxf4 Rf6 34.
c6 Rxf4 35. c7 Rc8 36. b6 axb6 37. Ba6 Rg8 38. c8=Q Rxc8 39. Bxc8 d4 40. Rcd1
d3 41. f3 exf3 42. Rxd3 Rxa4 43. Rdxf3 Rb4 44. Bd7 Rb2 45. Be8 b5 46. Bxf7 Nxf7
47. Rxf7+ Kg6 48. R7f2 Rb3 49. Rg1+ Kh7 50. Kh2 Kh6 51. Rgg2 1-0

[Event "Midland Ch Forrest Cup"]
[Site "Derby"]
[Date "1991.03.23"]
[Round "3"]
[White "Buckley, Graeme N"]
[Black "Vere, Joe W"]
[Result "1-0"]
[WhiteElo "2224"]
[BlackElo "1840"]
[PlyCount "77"]
[EventDate "1991.03.22"]
[EventType "swiss"]
[EventRounds "6"]
[EventCountry "ENG"]
[SourceTitle "BritBase"]
[Source "John Saunders"]
[SourceDate "2022.11.28"]
[SourceVersion "1"]
[SourceVersionDate "2022.08.23"]
[SourceQuality "1"]

1. d4 Nf6 2. Nf3 d5 3. c4 e6 4. Bg5 Nbd7 5. Nc3 h6 6. Bxf6 Nxf6 7. e3 Be7 8.
Rc1 O-O 9. Ne5 c6 10. a3 Nd7 11. Nf3 Nf6 12. Be2 a6 13. O-O b5 14. cxd5 cxd5
15. Nb1 Bb7 16. Nbd2 Qb6 17. Ne5 Bd6 18. Nd3 Rfc8 19. b4 Ne8 20. Nb3 Rxc1 21.
Qxc1 Rc8 22. Qb1 Bb8 23. Nbc5 Bc6 24. g3 Nd6 25. Ne5 Be8 26. f4 Nf5 27. Qb3 a5
28. g4 a4 29. Qd3 Ne7 30. f5 f6 31. Nf3 e5 32. Nd2 e4 33. Qb1 Qd6 34. Rf2 Bd7
35. Qf1 Rxc5 $2 36. bxc5 Qc6 37. Nb1 Nc8 38. Nc3 Na7 39. Nxb5 1-0

[Event "Midland Ch Forrest Cup"]
[Site "Derby"]
[Date "1991.03.23"]
[Round "3"]
[White "Cooper, Lawrence"]
[Black "Rose, Kenneth T"]
[Result "1/2-1/2"]
[WhiteElo "2240"]
[BlackElo "2040"]
[PlyCount "121"]
[EventDate "1991.03.22"]
[EventType "swiss"]
[EventRounds "6"]
[EventCountry "ENG"]
[SourceTitle "BritBase"]
[Source "John Saunders"]
[SourceDate "2022.11.28"]
[SourceVersion "1"]
[SourceVersionDate "2022.08.23"]
[SourceQuality "1"]

1. e4 e6 2. d4 d5 3. Nd2 Nf6 4. e5 Nfd7 5. f4 c5 6. c3 Nc6 7. Ndf3 Qa5 8. dxc5
Qxc5 9. Bd3 Be7 10. Ne2 h5 11. Ned4 Nxd4 12. cxd4 Qa5+ 13. Kf2 g6 14. Be3 Nb8
15. Qc2 Nc6 16. a3 Bd7 17. Rhc1 Rg8 18. Kg1 Rc8 19. Qe2 a6 20. Bf2 Qb6 21. b4
Na7 22. Rxc8+ Nxc8 23. Qe3 Bb5 24. Rc1 Kd7 25. Bh4 Bxh4 26. Nxh4 Bxd3 27. Qxd3
Ne7 28. h3 Rc8 29. Rxc8 Kxc8 30. Nf3 Qc6 31. Qd2 Qc4 32. Ng5 Nf5 33. Nxf7 Qxd4+
34. Qxd4 Nxd4 35. Kf2 Nf5 36. g4 hxg4 37. hxg4 Ne7 38. Ke3 Kd7 39. Kd4 b6 40.
Ng5 Nc6+ 41. Kd3 Ke7 42. Nf3 Kd7 43. Ke3 Ke7 44. f5 exf5 45. gxf5 gxf5 46. Kf4
Nd8 47. a4 Ne6+ 48. Kxf5 a5 49. bxa5 bxa5 50. Nh4 Nc5 51. Ng6+ Ke8 52. Nf4 d4
53. e6 d3 54. Nd5 d2 55. Ne3 Nxa4 56. Nd1 Nc5 57. Ke5 a4 58. Kd4 Nxe6+ 59. Kc3
Nc5 60. Kxd2 a3 61. Kc3 1/2-1/2

[Event "Midland Ch Forrest Cup"]
[Site "Derby"]
[Date "1991.03.23"]
[Round "3"]
[White "Eames, Robert S"]
[Black "Nelson, Jonathan P"]
[Result "0-1"]
[WhiteElo "2008"]
[BlackElo "2160"]
[PlyCount "86"]
[EventDate "1991.03.22"]
[EventType "swiss"]
[EventRounds "6"]
[EventCountry "ENG"]
[SourceTitle "BritBase"]
[Source "John Saunders"]
[SourceDate "2022.11.28"]
[SourceVersion "1"]
[SourceVersionDate "2022.08.23"]
[SourceQuality "1"]

1. d4 Nf6 2. c4 c5 3. d5 b5 4. cxb5 a6 5. Nc3 axb5 6. e4 b4 7. Nb5 d6 8. Bf4 g5
9. Bxg5 Nxe4 10. Bf4 Bg7 11. Qe2 Nf6 12. Nxd6+ Kf8 13. Nxc8 Qxc8 14. Qf3 Nbd7
15. Bb5 Ra5 16. Bc6 h5 17. Nh3 Ng4 18. O-O Bxb2 19. Rab1 Bf6 20. Ng5 Nde5 21.
Qe4 Rxa2 22. h3 Bxg5 23. Bxg5 f5 24. Qe1 Qc7 25. Bf4 Nf3+ 26. gxf3 Qxf4 27.
fxg4 hxg4 28. Qe3 Qxe3 29. fxe3 Rxh3 30. Rxf5+ Kg7 31. Rg5+ Kf6 32. Rxg4 Rxe3
33. Rf1+ Ke5 34. Rg5+ Kd4 35. Bd7 b3 36. Bf5 c4 37. Bb1 Rd2 38. Rc1 c3 39. Bg6
c2 40. d6 exd6 41. Rg4+ Kc3 42. Rg2 Rd1+ 43. Kf2 Rxc1 0-1

[Event "Midland Ch Forrest Cup"]
[Site "Derby"]
[Date "1991.03.23"]
[Round "3"]
[White "Hebden, Mark L"]
[Black "Bryce, Andrew"]
[Result "1-0"]
[WhiteElo "2512"]
[BlackElo "2200"]
[PlyCount "53"]
[EventDate "1991.03.22"]
[EventType "swiss"]
[EventRounds "6"]
[EventCountry "ENG"]
[SourceTitle "BritBase"]
[Source "John Saunders"]
[SourceDate "2022.11.28"]
[SourceVersion "1"]
[SourceVersionDate "2022.08.23"]
[SourceQuality "1"]

1. e4 e5 2. Nf3 Nf6 3. d4 d5 4. Nxe5 Nxe4 5. Bd3 Nd7 6. Bxe4 dxe4 7. Qe2 Nf6 8.
c3 Bd6 9. Bg5 h6 10. Bxf6 gxf6 11. Nc4 Bf5 12. O-O Qe7 13. Nxd6+ cxd6 14. f3
O-O-O 15. fxe4 Bxe4 16. Nd2 d5 17. Rae1 Rde8 18. Nxe4 dxe4 19. Rf4 f5 20. Rxf5
Qe6 21. Qg4 Qxa2 22. Qf4 b6 23. Rxf7 Qc4 24. Rxa7 Rhf8 25. Qg4+ Qe6 26. Qxe6+
Rxe6 27. Ra8+ 1-0

[Event "Midland Ch Forrest Cup"]
[Site "Derby"]
[Date "1991.03.23"]
[Round "3"]
[White "Jackson, Oliver A"]
[Black "House, Glenn L"]
[Result "1/2-1/2"]
[WhiteElo "2128"]
[BlackElo "2232"]
[PlyCount "82"]
[EventDate "1991.03.22"]
[EventType "swiss"]
[EventRounds "6"]
[EventCountry "ENG"]
[SourceTitle "BritBase"]
[Source "John Saunders"]
[SourceDate "2022.11.28"]
[SourceVersion "1"]
[SourceVersionDate "2022.08.23"]
[SourceQuality "1"]

1. e4 c5 2. Nc3 e6 3. f4 Nc6 4. Nf3 d5 5. Bb5 Nf6 6. Bxc6+ bxc6 7. d3 Be7 8.
O-O O-O 9. Qe1 c4 10. dxc4 Ba6 11. Ne5 Nd7 12. Rf3 Nxe5 13. fxe5 Bxc4 14. exd5
cxd5 15. Be3 Qc7 16. Bd4 Rab8 17. b3 Ba6 18. Qe3 Rb4 19. Kh1 Rb7 20. Rg3 Kh8
21. Rd1 Qb8 22. Ne2 Bxe2 23. Qxe2 Rc7 24. Rf1 Bc5 25. Bb2 Rd8 26. Rh3 Rdd7 27.
Qh5 Qg8 28. Rf4 g6 29. Qe2 Be7 30. Rf2 Bf8 31. Rhf3 Bg7 32. h4 Qc8 33. h5 Kg8
34. Bd4 Qd8 35. c3 Qg5 36. hxg6 hxg6 37. Rf1 Qh5+ 38. Kg1 Bf8 39. Qf2 Bg7 40.
Rh3 Qg5 41. Rg3 Qh4 1/2-1/2

[Event "Midland Ch Forrest Cup"]
[Site "Derby"]
[Date "1991.03.23"]
[Round "3"]
[White "Joseph, Stephen Mario"]
[Black "Clarke, Peter C"]
[Result "1-0"]
[WhiteElo "1928"]
[BlackElo "1920"]
[PlyCount "65"]
[EventDate "1991.03.22"]
[EventType "swiss"]
[EventRounds "6"]
[EventCountry "ENG"]
[SourceTitle "BritBase"]
[Source "John Saunders"]
[SourceDate "2022.11.28"]
[SourceVersion "1"]
[SourceVersionDate "2022.08.23"]
[SourceQuality "1"]

1. d4 e6 2. Nf3 Nf6 3. Bg5 h6 4. Bh4 c5 5. e3 Qb6 6. Bxf6 Qxb2 7. Nbd2 gxf6 8.
Rb1 Qxa2 9. Bc4 Qa5 10. O-O a6 11. Qe2 b5 12. Ra1 Qc3 13. Bxb5 Bb7 14. Bd3 d5
15. Rab1 Bc6 16. dxc5 Bxc5 17. e4 d4 18. Nc4 Ba4 19. e5 f5 20. Rb7 Nd7 21. Nh4
O-O-O 22. Nd6+ Bxd6 23. Bxa6 Bxe5 24. Rb3+ Kc7 25. Rxc3+ dxc3 26. Qc4+ Bc6 27.
Bb5 Nb8 28. Nf3 Bf6 29. Ra1 Rd6 30. Qc5 Rhd8 31. Ra7+ Kc8 32. g3 Rd5 33. Ba6+
1-0

[Event "Midland Ch Forrest Cup"]
[Site "Derby"]
[Date "1991.03.23"]
[Round "3"]
[White "Ledger, Dave J"]
[Black "Garwell Richmond, Jane"]
[Result "1-0"]
[WhiteElo "2160"]
[BlackElo "2104"]
[PlyCount "85"]
[EventDate "1991.03.22"]
[EventType "swiss"]
[EventRounds "6"]
[EventCountry "ENG"]
[SourceTitle "BritBase"]
[Source "John Saunders"]
[SourceDate "2022.11.28"]
[SourceVersion "1"]
[SourceVersionDate "2022.08.23"]
[SourceQuality "1"]

1. e4 e6 2. d3 d5 3. Nd2 c5 4. Ngf3 Nc6 5. g3 b6 6. Bg2 Bb7 7. O-O Qc7 8. Re1
O-O-O 9. e5 Nge7 10. c3 Nf5 11. Nf1 Be7 12. Qa4 h6 13. Bd2 g5 14. h3 d4 15. c4
Rdg8 16. g4 Nh4 17. Nxh4 gxh4 18. f4 Rf8 19. a3 Qd7 20. Qd1 f6 21. b4 fxe5 22.
b5 Nd8 23. Rxe5 Bd6 24. Bxb7+ Qxb7 25. Re4 h5 26. g5 Rf5 27. Qe1 Rhf8 28. Qxh4
e5 29. Ng3 exf4 30. Nxf5 Rxf5 31. Bxf4 Qd7 32. Rf1 Ne6 33. Bd2 Rxf1+ 34. Kxf1
Qf7+ 35. Qf2 Qd7 36. Qf5 Ng7 37. Qxd7+ Kxd7 38. Bf4 Nf5 39. Bxd6 Kxd6 40. Kf2
Ng7 41. Kf3 Nf5 42. g6 Ng7 43. Kf4 1-0

[Event "Midland Ch Forrest Cup"]
[Site "Derby"]
[Date "1991.03.23"]
[Round "3"]
[White "Ledger, Stephen C"]
[Black "Southall, Andrew C"]
[Result "1-0"]
[WhiteElo "2040"]
[BlackElo "1984"]
[PlyCount "47"]
[EventDate "1991.03.22"]
[EventType "swiss"]
[EventRounds "6"]
[EventCountry "ENG"]
[SourceTitle "BritBase"]
[Source "John Saunders"]
[SourceDate "2022.11.28"]
[SourceVersion "1"]
[SourceVersionDate "2022.08.23"]
[SourceQuality "1"]

1. f4 Nf6 2. Nf3 d6 3. b3 Bg4 4. e3 e5 5. Be2 Nc6 6. Bb2 exf4 7. exf4 Be7 8.
O-O Qd7 9. c4 O-O-O 10. Nc3 Kb8 11. d4 d5 12. Ne5 Nxe5 13. fxe5 Bxe2 14. Qxe2
Ng4 15. Nxd5 Bg5 16. Nf4 h5 17. h3 Nh6 18. d5 Nf5 19. Qf3 Nh4 20. Qe4 f5 21.
exf6 gxf6 22. Ne6 Rdg8 23. Nxg5 Nxg2 24. Bxf6 1-0

[Event "Midland Ch Forrest Cup"]
[Site "Derby"]
[Date "1991.03.23"]
[Round "3"]
[White "Riley, Chris M"]
[Black "Ledger, Andrew J"]
[Result "0-1"]
[WhiteElo "2072"]
[BlackElo "2312"]
[PlyCount "52"]
[EventDate "1991.03.22"]
[EventType "swiss"]
[EventRounds "6"]
[EventCountry "ENG"]
[SourceTitle "BritBase"]
[Source "John Saunders"]
[SourceDate "2022.11.28"]
[SourceVersion "1"]
[SourceVersionDate "2022.08.23"]
[SourceQuality "1"]

1. e4 c6 2. d4 d5 3. exd5 cxd5 4. Bd3 Nc6 5. c3 g6 6. Nf3 Bf5 7. Bxf5 gxf5 8.
O-O e6 9. Bf4 Nge7 10. Be5 Rg8 11. Nbd2 Ng6 12. Qb3 Qd7 13. h3 Rc8 14. c4 Na5
15. Qe3 Nxc4 16. Nxc4 dxc4 17. Qg5 Qd5 18. Qh5 h6 19. Rfe1 b5 20. b3 c3 21.
Rac1 b4 22. Re2 a5 23. Ne1 Rd8 24. f3 Nxe5 25. dxe5 Qd4+ 26. Kh1 Rg5 0-1

[Event "Midland Ch Forrest Cup"]
[Site "Derby"]
[Date "1991.03.23"]
[Round "3"]
[White "Robinson, John K"]
[Black "Alcock, Michael W"]
[Result "1/2-1/2"]
[WhiteElo "1968"]
[BlackElo "2144"]
[PlyCount "42"]
[EventDate "1991.03.22"]
[EventType "swiss"]
[EventRounds "6"]
[EventCountry "ENG"]
[SourceTitle "BritBase"]
[Source "John Saunders"]
[SourceDate "2022.11.28"]
[SourceVersion "1"]
[SourceVersionDate "2022.08.23"]
[SourceQuality "1"]

1. d4 Nf6 2. c4 e6 3. Nf3 b6 4. Nc3 Bb4 5. Bg5 h6 6. Bh4 Bb7 7. e3 O-O 8. Qc2
d5 9. a3 Be7 10. cxd5 exd5 11. Bd3 Nbd7 12. Bg3 c6 13. Rc1 Re8 14. O-O Bf8 15.
Rfd1 Qe7 16. Bf5 g6 17. Bh3 Bg7 18. Ne5 Nxe5 19. Bxe5 Bc8 20. Bxc8 Raxc8 21.
Qe2 Ne4 1/2-1/2

[Event "Midland Ch Forrest Cup"]
[Site "Derby"]
[Date "1991.03.23"]
[Round "3"]
[White "Sagall, Roy"]
[Black "Stimpson, Paul"]
[Result "1-0"]
[WhiteElo "2040"]
[BlackElo "1800"]
[PlyCount "136"]
[EventDate "1991.03.22"]
[EventType "swiss"]
[EventRounds "6"]
[EventCountry "ENG"]
[SourceTitle "BritBase"]
[Source "John Saunders"]
[SourceDate "2022.11.28"]
[SourceVersion "1"]
[SourceVersionDate "2022.08.23"]
[SourceQuality "1"]

1. d4 Nf6 2. Bg5 b6 3. Nf3 Bb7 4. e3 d6 5. Nbd2 Nbd7 6. c3 g6 7. Bd3 Bg7 8. O-O
O-O 9. Qe2 Re8 10. Ba6 Bxa6 11. Qxa6 Qc8 12. Qd3 Nf8 13. a4 Qb7 14. Rfe1 N6d7
15. e4 e5 16. a5 Ne6 17. d5 Ndc5 18. Qc2 Nxg5 19. Nxg5 Qc8 20. b4 Nd7 21. Qd3
Bh6 22. Ngf3 Nf8 23. Ra2 Qd7 24. axb6 axb6 25. Rea1 Rxa2 26. Rxa2 Bxd2 27. Nxd2
f5 28. Ra7 f4 29. Nc4 Rb8 30. Na3 Qc8 31. Qa6 Nd7 32. Qxc8+ Rxc8 33. Nb5 Nf6
34. f3 Ne8 35. Kf2 Kf7 36. Ke2 Ke7 37. Kd3 Kd7 38. c4 Rb8 39. Nc3 Kc8 40. g3 g5
41. Ra2 Kd7 42. gxf4 gxf4 43. Ra7 Ke7 44. Kd2 Kd7 45. Nd1 Nf6 46. Ke2 Rg8 47.
Kf2 Ne8 48. Nb2 Nf6 49. Nd3 Rb8 50. c5 bxc5 51. bxc5 Rb1 52. c6+ Kc8 53. Ra8+
Rb8 54. Ra1 Kd8 55. Rg1 Ne8 56. Rg8 Rb3 57. Nc1 Rb1 58. Ne2 Rh1 59. Kg2 Re1 60.
Ng1 Ke7 61. Rh8 Nf6 62. Rc8 Ne8 63. Rb8 Rd1 64. Rb2 Ra1 65. Nh3 Kf7 66. Ng5+
Kg6 67. Ne6 Kh5 68. Rb8 Ra2+ 1-0

[Event "Midland Ch Forrest Cup"]
[Site "Derby"]
[Date "1991.03.23"]
[Round "3"]
[White "Tait, Jonathan A"]
[Black "Raynes, Paul C"]
[Result "1/2-1/2"]
[WhiteElo "2128"]
[BlackElo "2184"]
[PlyCount "63"]
[EventDate "1991.03.22"]
[EventType "swiss"]
[EventRounds "6"]
[EventCountry "ENG"]
[SourceTitle "BritBase"]
[Source "John Saunders"]
[SourceDate "2022.11.28"]
[SourceVersion "1"]
[SourceVersionDate "2022.08.23"]
[SourceQuality "1"]

1. e4 d6 2. d4 Nf6 3. Nc3 g6 4. f4 Bg7 5. Nf3 O-O 6. Bd3 Na6 7. O-O c5 8. d5
Rb8 9. Kh1 Bg4 10. f5 Nc7 11. h3 Bxf3 12. Qxf3 b5 13. Be3 b4 14. Nd1 a5 15. Rb1
Nd7 16. Qg3 Ne5 17. Qh4 Ne8 18. Bg5 Bf6 19. Ne3 Bxg5 20. Qxg5 f6 21. Qg3 g5 22.
Be2 Ng7 23. b3 h6 24. Qf2 Kf7 25. g3 Ke8 26. Kg2 Kd7 27. Qe1 Qb6 28. Bc4 h5 29.
g4 h4 30. Qe2 Ne8 31. Ra1 Nc7 32. a4 1/2-1/2

[Event "Midland Ch Forrest Cup"]
[Site "Derby"]
[Date "1991.03.23"]
[Round "3"]
[White "Waddingham, Graham A"]
[Black "Edwards, Louis Alan"]
[Result "1/2-1/2"]
[WhiteElo "2048"]
[BlackElo "2216"]
[PlyCount "55"]
[EventDate "1991.03.22"]
[EventType "swiss"]
[EventRounds "6"]
[EventCountry "ENG"]
[SourceTitle "BritBase"]
[Source "John Saunders"]
[SourceDate "2022.11.28"]
[SourceVersion "1"]
[SourceVersionDate "2022.08.23"]
[SourceQuality "1"]

1. e4 e6 2. d4 d5 3. exd5 exd5 4. Bd3 Nc6 5. c3 Bd6 6. Qf3 Nce7 7. Ne2 c6 8.
Bf4 Ng6 9. Bxd6 Qxd6 10. O-O Nf6 11. Ng3 O-O 12. Nh5 Ng4 13. Qg3 Qxg3 14. hxg3
Nh6 15. Nd2 Bg4 16. Nf4 Nxf4 17. gxf4 Bf5 18. Bxf5 Nxf5 19. Rfe1 Rfe8 20. Re5
Nd6 21. Rae1 f6 22. Rxe8+ Rxe8 23. Rxe8+ Nxe8 24. f3 Nd6 25. Kf2 Kf7 26. Ke2
Ke6 27. Nf1 Nc4 28. b3 1/2-1/2

[Event "Midland Ch Forrest Cup"]
[Site "Derby"]
[Date "1991.03.23"]
[Round "4"]
[White "Burke, Steven J"]
[Black "Riley, Chris M"]
[Result "1/2-1/2"]
[WhiteElo "1928"]
[BlackElo "2072"]
[PlyCount "67"]
[EventDate "1991.03.22"]
[EventType "swiss"]
[EventRounds "6"]
[EventCountry "ENG"]
[SourceTitle "BritBase"]
[Source "John Saunders"]
[SourceDate "2022.11.28"]
[SourceVersion "1"]
[SourceVersionDate "2022.08.23"]
[SourceQuality "1"]

1. d4 c5 2. e3 Nf6 3. Nf3 b6 4. Bd3 Bb7 5. Nbd2 g6 6. c3 Bg7 7. O-O O-O 8. b3
d6 9. Bb2 Nbd7 10. c4 d5 11. Rc1 cxd4 12. exd4 dxc4 13. bxc4 Re8 14. Re1 Nh5
15. Be4 Qc7 16. Bxb7 Qxb7 17. g3 Rac8 18. Qb3 Bh6 19. Ba3 Ndf6 20. Rc2 Qd7 21.
Ne5 Qxd4 22. Ndf3 Qd8 23. Rce2 e6 24. Rd1 Qc7 25. Bd6 Qb7 26. c5 Qa6 27. Rb2
bxc5 28. Qb7 Qxb7 29. Rxb7 c4 30. Nxf7 Bg7 31. Rc1 c3 32. Be5 Ne4 33. Bxg7 Nxg7
34. Nh6+ 1/2-1/2

[Event "Midland Ch Forrest Cup"]
[Site "Derby"]
[Date "1991.03.23"]
[Round "4"]
[White "Evans, Raymond G"]
[Black "Cooper, Lawrence"]
[Result "1/2-1/2"]
[WhiteElo "2152"]
[BlackElo "2240"]
[PlyCount "65"]
[EventDate "1991.03.22"]
[EventType "swiss"]
[EventRounds "6"]
[EventCountry "ENG"]
[SourceTitle "BritBase"]
[Source "John Saunders"]
[SourceDate "2022.11.28"]
[SourceVersion "1"]
[SourceVersionDate "2022.08.23"]
[SourceQuality "1"]

1. d4 Nf6 2. c4 e5 3. dxe5 Ng4 4. e4 Nxe5 5. f4 Ng6 6. Nf3 Bb4+ 7. Nc3 Bxc3+ 8.
bxc3 d6 9. Bd3 Nd7 10. O-O Nc5 11. Bc2 b6 12. Nd4 Bb7 13. Qe2 Qd7 14. e5 dxe5
15. f5 Ne7 16. Qxe5 O-O-O 17. Qf4 Nc6 18. Rd1 Qd6 19. Qf2 Qf6 20. Bf4 Nxd4 21.
cxd4 Ne4 22. Qe3 Rde8 23. Be5 Qxf5 24. Rf1 Qg6 25. Qf4 Qc6 26. Bxe4 Qxe4 27.
Qxe4 Bxe4 28. Rxf7 Kb8 29. Bxc7+ Ka8 30. Rxg7 Rhg8 31. Rxg8 Rxg8 32. Bg3 Rc8
33. Rc1 1/2-1/2

[Event "Midland Ch Forrest Cup"]
[Site "Derby"]
[Date "1991.03.23"]
[Round "4"]
[White "Garwell Richmond, Jane"]
[Black "Walker, RG."]
[Result "1/2-1/2"]
[WhiteElo "2104"]
[BlackElo "1872"]
[PlyCount "60"]
[EventDate "1991.03.22"]
[EventType "swiss"]
[EventRounds "6"]
[EventCountry "ENG"]
[SourceTitle "BritBase"]
[Source "John Saunders"]
[SourceDate "2022.11.28"]
[SourceVersion "1"]
[SourceVersionDate "2022.08.23"]
[SourceQuality "1"]

1. e4 e5 2. Nf3 Nc6 3. Bb5 a6 4. Ba4 Nf6 5. O-O Be7 6. Re1 b5 7. Bb3 O-O 8. h3
Bb7 9. c3 d5 10. d3 dxe4 11. dxe4 Qxd1 12. Bxd1 Nd7 13. Bc2 Rad8 14. Nbd2 Nc5
15. Nf1 Nd3 16. Rd1 Nxc1 17. Raxc1 Bc5 18. Rd5 Bd6 19. Ne3 g6 20. Rcd1 f6 21.
R5d2 Ne7 22. c4 Nc6 23. cxb5 axb5 24. Bb3+ Kg7 25. Bd5 Ba8 26. a3 Rfe8 27. Rc2
Ne7 28. Bxa8 Rxa8 29. Kf1 Kf7 30. Ke2 Red8 1/2-1/2

[Event "Midland Ch Forrest Cup"]
[Site "Derby"]
[Date "1991.03.23"]
[Round "4"]
[White "House, Glenn L"]
[Black "Hebden, Mark L"]
[Result "0-1"]
[WhiteElo "2232"]
[BlackElo "2512"]
[PlyCount "67"]
[EventDate "1991.03.22"]
[EventType "swiss"]
[EventRounds "6"]
[EventCountry "ENG"]
[SourceTitle "BritBase"]
[Source "John Saunders"]
[SourceDate "2022.11.28"]
[SourceVersion "1"]
[SourceVersionDate "2022.08.23"]
[SourceQuality "1"]

1. e4 e5 2. Nf3 Nc6 3. Bb5 a6 4. Bxc6 dxc6 5. O-O Bd6 6. d4 exd4 7. Qxd4 f6 8.
Be3 Qe7 9. Nbd2 Be6 10. c4 c5 11. Qc3 O-O-O 12. Qa5 Qf7 13. b4 Ne7 14. bxc5 Be5
15. Rac1 Nc6 16. Qa4 Rd3 17. Rb1 Rc3 18. Rfc1 Rxc1+ 19. Rxc1 Rd8 20. Rb1 Rd3
21. Nxe5 Nxe5 22. Qb4 c6 23. h3 g5 24. Nb3 Nxc4 25. Nd4 a5 26. Qe1 Qd7 27. Rd1
Rxd1 28. Qxd1 b6 29. Qh5 Nxe3 30. fxe3 bxc5 31. Nxe6 Qxe6 32. Qxh7 c4 33. Qa7
Qxe4 34. Qa8+ {time} 0-1

[Event "Midland Ch Forrest Cup"]
[Site "Derby"]
[Date "1991.03.23"]
[Round "4"]
[White "Ledger, Andrew J"]
[Black "Tait, Jonathan A"]
[Result "1-0"]
[WhiteElo "2312"]
[BlackElo "2128"]
[PlyCount "77"]
[EventDate "1991.03.22"]
[EventType "swiss"]
[EventRounds "6"]
[EventCountry "ENG"]
[SourceTitle "BritBase"]
[Source "John Saunders"]
[SourceDate "2022.11.28"]
[SourceVersion "1"]
[SourceVersionDate "2022.08.23"]
[SourceQuality "1"]

1. d4 e5 2. dxe5 Nc6 3. Nf3 Qe7 4. Qd5 f6 5. exf6 Nxf6 6. Qb3 d5 7. e3 Bd7 8.
c3 O-O-O 9. Be2 g5 10. Qc2 g4 11. Nd4 Ne5 12. b4 Qf7 13. Nd2 c5 14. bxc5 Bxc5
15. Rb1 Kb8 16. O-O Rhg8 17. Qb3 Bc8 18. Ba3 Bb6 19. Nb5 Ne8 20. g3 Nf3+ 21.
Bxf3 gxf3 22. Qb4 d4 23. Nxd4 Rxd4 24. cxd4 Qh5 25. Rfc1 Bg4 26. Qc4 Nf6 27.
Bd6+ Ka8 28. Nxf3 Qh3 29. Ne1 Rg6 30. Qf7 Bd7 31. Qf8+ Ne8 32. Rxb6 axb6 33.
Bf4 Bb5 34. Nf3 Ka7 35. Qa3+ Ba6 36. Qe7 Rc6 37. Re1 Re6 38. Qd8 Bd3 39. a4 1-0